Welcome to the Holygrace Academy Library

Please use search bar below to get started

SUPER SIMPLIFIED SCIENCE CHEMISTRY (Record no. 912)

MARC details
000 -LEADER
fixed length control field 00419nam a22001337a 4500
082 ## - DEWEY DECIMAL CLASSIFICATION NUMBER
Classification number 540
Item number MAL/S
100 ## - MAIN ENTRY--AUTHOR NAME
Personal name S K MALHOTRA
245 ## - TITLE STATEMENT
Title SUPER SIMPLIFIED SCIENCE CHEMISTRY
Remainder of title CLASS IX
260 ## - PUBLICATION, DISTRIBUTION, ETC. (IMPRINT)
Place of publication JALANDHAR
Name of publisher S.DINESH & CO
Year of publication 2010
300 ## - PHYSICAL DESCRIPTION
Number of Pages 191
520 ## - SUMMARY, ETC.
Summary, etc SUMMATIVE AND FORMATIVE ASSESSMENTS, CBSE SAMPLE PAPER AND QUESTION BANK, MCQ AND HOTS BASED QUESTIONS
650 ## - SUBJECT ADDED ENTRY--TOPICAL TERM
Topical Term CHEMISTRY FOR CLASS IX
Geographic subdivision INDIA
942 ## - ADDED ENTRY ELEMENTS (KOHA)
Koha item type Books
Holdings
Withdrawn status Lost status Collection code Home library Current library Shelving location Date acquired Source of acquisition Cost, normal purchase price Full call number Accession Number Koha item type
    Reference Main Library Main Library SHELF 7C CLASS IX SCIENCE&PHYSIC 12/03/2010 purchase 185.00 540 MAL/S 04926 Books